Statistics for Pokémon starting with an M (generation 1-7)

Click here to take the quiz!

General Stats

  • This quiz has been taken 5 times
  • The average score is 30 of 68

Answer Stats

GenPokémon% Correct
1Magikarp
100%
4Magnezone
100%
2Miltank
100%
4Magmortar
80%
1Magnemite
80%
1Magneton
80%
3Metagross
80%
1Mr. Mime
80%
1Muk
80%
6Malamar
60%
5Mandibuzz
60%
1Mankey
60%
2Mantine
60%
4Mantyke
60%
2Mareep
60%
3Masquerain
60%
2Meganium
60%
7Meltan
60%
1Meowth
60%
3Metang
60%
1Mew
60%
1Mewtwo
60%
3Milotic
60%
4Mime Jr.
60%
4Mismagius
60%
5Musharna
60%
1Machamp
40%
1Machoke
40%
1Machop
40%
2Magby
40%
2Magcargo
40%
1Magmar
40%
4Mamoswine
40%
1Marowak
40%
3Mawile
40%
3Medicham
40%
3Meditite
40%
6Meowstic
40%
1Metapod
40%
5Mienshao
40%
2Misdreavus
40%
1Moltres
40%
4Monferno
40%
7Morelull
40%
4Mothim
40%
3Mudkip
40%
4Munchlax
40%
5Munna
40%
2Murkrow
40%
7Magearna
20%
3Makuhita
20%
4Manaphy
20%
3Manectric
20%
5Maractus
20%
2Marill
20%
7Marshadow
20%
3Marshtomp
20%
7Melmetal
20%
4Mesprit
20%
5Mienfoo
20%
3Mightyena
20%
7Mimikyu
20%
3Minun
20%
7Marianie
0%
5Minccino
0%
7Minior
0%
7Mudbray
0%
7Mudsdale
0%

Score Distribution

Percentile by Number Answered

Percent of People with Each Score

Your Score History

You have not taken this quiz